Educación y carácter / (Record no. 18185)

MARC details
000 -CABECERA
campo de control de longitud fija 00649nam a2200205 a 4500
005 - FECHA Y HORA DE LA ÚLTIMA TRANSACCIÓN
campo de control 20250116063830.0
008 - ELEMENTOS DE LONGITUD FIJA--INFORMACIÓN GENERAL
campo de control de longitud fija 991125s1975 bar 000 0 spa u
020 ## - NÚMERO INTERNACIONAL NORMALIZADO PARA LIBROS
Número Internacional Estándar del Libro 8432000396
035 ## - NÚMERO DE CONTROL DEL SISTEMA
Número de control de sistema UPN01000018185
049 ## - COLECCIÓN
Colección CG
050 #4 - SIGNATURA TOPOGRÁFICA DE LA BIBLIOTECA DEL CONGRESO
Número de clasificación LB1105
Número de documento/Ítem P3.2 no.20
100 1# - ASIENTO PRINCIPAL--NOMBRE PERSONAL
Nombre de persona Mesnard, Pierre,
Fechas asociadas al nombre 1900-1969
245 10 - MENCIÓN DE TÍTULO
Título Educación y carácter /
Mención de responsabilidad, etc. Pierre Mesnard ; tr. por Antonio Ribera.
260 ## - PUBLICACIÓN, DISTRIBUCIÓN, ETC.
Lugar de publicación, distribución, etc. Barcelona, Esp. :
Nombre del editor, distribuidor, etc. Planeta,
Fecha de publicación, distribución, etc. 1975.
300 ## - DESCRIPCIÓN FÍSICA
Extensión 146 p.
440 #0 - MENCIÓN DE SERIE/ASIENTO SECUNDARIO--TÍTULO
Título Paideia.
Nombre de parte o sección de la obra Biblioteca práctica de pedagogía, psicología y psicopatología de la infancia ;
Designación de volumen o secuencia 20
650 #4 - ASIENTO SECUNDARIO DE MATERIA - TERMINO TEMATICO
Término de materia o nombre geográfico como elemento de entrada Carácter
9 (RLIN) 6650
650 #4 - ASIENTO SECUNDARIO DE MATERIA - TERMINO TEMATICO
Término de materia o nombre geográfico como elemento de entrada Educación
9 (RLIN) 682
905 ## - TIPO DE MATERIAL
Tipo de material Libro
Holdings
Estado de retiro Estado de pérdida Fuente del sistema de clasificación o colocación Estado dañado No para préstamo Código de colección Localización permanente Ubicación/localización actual Ubicación en estantería Total de préstamos Clasificación Código de barras Fecha visto por última vez Número de copia Tipo de ítem Koha
    Library of Congress Classification     Colección General Bib. Gregorio Torres Quintero Bib. Gregorio Torres Quintero Planta baja 3 LB1105 P3.2 no.20 10189 31/12/2020 1 Libro